<?xml version="1.0" encoding="UTF-8"?>
<record
    xmlns:xsi="http://www.w3.org/2001/XMLSchema-instance"
    xsi:schemaLocation="http://www.loc.gov/MARC21/slim http://www.loc.gov/standards/marcxml/schema/MARC21slim.xsd"
    xmlns="http://www.loc.gov/MARC21/slim">

  <leader>00934nam a22002777a 4500</leader>
  <controlfield tag="005">20220201134841.0</controlfield>
  <controlfield tag="008">220103b           ||||| |||| 00| 0 eng d</controlfield>
  <datafield tag="020" ind1=" " ind2=" ">
    <subfield code="a">978-93-5460-084-5</subfield>
  </datafield>
  <datafield tag="040" ind1=" " ind2=" ">
    <subfield code="c">AIMIT LIBRARY</subfield>
  </datafield>
  <datafield tag="082" ind1=" " ind2=" ">
    <subfield code="2">9</subfield>
    <subfield code="a">658.4012</subfield>
    <subfield code="b">DESG</subfield>
  </datafield>
  <datafield tag="100" ind1=" " ind2=" ">
    <subfield code="a">Dess, Gregory G.</subfield>
    <subfield code="9">12671</subfield>
  </datafield>
  <datafield tag="245" ind1=" " ind2=" ">
    <subfield code="a">Strategic management :</subfield>
    <subfield code="b">text and cases / </subfield>
    <subfield code="c">By Gregory G. Dess...[et.al]</subfield>
  </datafield>
  <datafield tag="250" ind1=" " ind2=" ">
    <subfield code="a">9th ed.</subfield>
    <subfield code="b">Indian Edition.</subfield>
  </datafield>
  <datafield tag="260" ind1=" " ind2=" ">
    <subfield code="a">Greater Noida:</subfield>
    <subfield code="b">McGraw Hill Education Private Limited ,</subfield>
    <subfield code="c">2021.</subfield>
  </datafield>
  <datafield tag="300" ind1=" " ind2=" ">
    <subfield code="a">xii,433,C273,I42p. ; </subfield>
    <subfield code="c">25 cm.</subfield>
  </datafield>
  <datafield tag="650" ind1=" " ind2=" ">
    <subfield code="a">Strategic Planning.</subfield>
    <subfield code="9">12355</subfield>
  </datafield>
  <datafield tag="650" ind1=" " ind2=" ">
    <subfield code="a">Strategic Analysis.</subfield>
    <subfield code="9">12356</subfield>
  </datafield>
  <datafield tag="650" ind1=" " ind2=" ">
    <subfield code="a">Human Capital</subfield>
    <subfield code="9">12357</subfield>
  </datafield>
  <datafield tag="650" ind1=" " ind2=" ">
    <subfield code="a">Internal Environment.</subfield>
    <subfield code="9">12358</subfield>
  </datafield>
  <datafield tag="650" ind1=" " ind2=" ">
    <subfield code="2">International Strategy.</subfield>
  </datafield>
  <datafield tag="650" ind1=" " ind2=" ">
    <subfield code="2">Global Markets.</subfield>
  </datafield>
  <datafield tag="700" ind1=" " ind2=" ">
    <subfield code="a">McNamara, Gerry.</subfield>
    <subfield code="9">12359</subfield>
  </datafield>
  <datafield tag="700" ind1=" " ind2=" ">
    <subfield code="a">Eisner, Alan B.</subfield>
    <subfield code="9">12672</subfield>
  </datafield>
  <datafield tag="700" ind1=" " ind2=" ">
    <subfield code="a">Lee, Seung-Hyun.</subfield>
    <subfield code="9">12673</subfield>
  </datafield>
  <datafield tag="942" ind1=" " ind2=" ">
    <subfield code="2">ddc</subfield>
    <subfield code="c">BK</subfield>
    <subfield code="e">9th</subfield>
    <subfield code="k">658.4012 DESG</subfield>
  </datafield>
  <datafield tag="999" ind1=" " ind2=" ">
    <subfield code="c">221055</subfield>
    <subfield code="d">221055</subfield>
  </datafield>
  <datafield tag="952" ind1=" " ind2=" ">
    <subfield code="0">0</subfield>
    <subfield code="1">0</subfield>
    <subfield code="2">ddc</subfield>
    <subfield code="4">0</subfield>
    <subfield code="7">0</subfield>
    <subfield code="8">MBA</subfield>
    <subfield code="a">AIMIT</subfield>
    <subfield code="b">AIMIT</subfield>
    <subfield code="d">2021-12-13</subfield>
    <subfield code="g">895.00</subfield>
    <subfield code="i">Bill Date:- 4307-13/12/2021</subfield>
    <subfield code="l">1</subfield>
    <subfield code="o">658.4012 DESG</subfield>
    <subfield code="p">MBA14250</subfield>
    <subfield code="r">2025-07-21 00:00:00</subfield>
    <subfield code="s">2022-04-08</subfield>
    <subfield code="v">716.00</subfield>
    <subfield code="w">2022-01-03</subfield>
    <subfield code="y">BK</subfield>
  </datafield>
  <datafield tag="952" ind1=" " ind2=" ">
    <subfield code="0">0</subfield>
    <subfield code="1">0</subfield>
    <subfield code="2">ddc</subfield>
    <subfield code="4">0</subfield>
    <subfield code="7">0</subfield>
    <subfield code="8">MBA</subfield>
    <subfield code="a">AIMIT</subfield>
    <subfield code="b">AIMIT</subfield>
    <subfield code="d">2021-12-13</subfield>
    <subfield code="g">895.00</subfield>
    <subfield code="i">Bill Date:- 4307-13/12/2021</subfield>
    <subfield code="l">0</subfield>
    <subfield code="o">658.4012 DESG</subfield>
    <subfield code="p">MBA14251</subfield>
    <subfield code="r">2025-07-21 00:00:00</subfield>
    <subfield code="v">716.00</subfield>
    <subfield code="w">2022-01-03</subfield>
    <subfield code="y">BK</subfield>
  </datafield>
  <datafield tag="952" ind1=" " ind2=" ">
    <subfield code="0">0</subfield>
    <subfield code="1">0</subfield>
    <subfield code="2">ddc</subfield>
    <subfield code="4">0</subfield>
    <subfield code="7">0</subfield>
    <subfield code="8">MBA</subfield>
    <subfield code="a">AIMIT</subfield>
    <subfield code="b">AIMIT</subfield>
    <subfield code="d">2021-12-13</subfield>
    <subfield code="g">895.00</subfield>
    <subfield code="i">Bill Date:- 4307-13/12/2021</subfield>
    <subfield code="l">2</subfield>
    <subfield code="o">658.4012 DESG</subfield>
    <subfield code="p">MBA14252</subfield>
    <subfield code="r">2025-07-21 00:00:00</subfield>
    <subfield code="s">2023-03-14</subfield>
    <subfield code="v">716.00</subfield>
    <subfield code="w">2022-01-03</subfield>
    <subfield code="y">BK</subfield>
  </datafield>
  <datafield tag="952" ind1=" " ind2=" ">
    <subfield code="0">0</subfield>
    <subfield code="1">0</subfield>
    <subfield code="2">ddc</subfield>
    <subfield code="4">0</subfield>
    <subfield code="7">0</subfield>
    <subfield code="8">MBA</subfield>
    <subfield code="a">AIMIT</subfield>
    <subfield code="b">AIMIT</subfield>
    <subfield code="d">2021-12-13</subfield>
    <subfield code="g">895.00</subfield>
    <subfield code="i">Bill Date:- 4307-13/12/2021</subfield>
    <subfield code="l">1</subfield>
    <subfield code="o">658.4012 DESG</subfield>
    <subfield code="p">MBA14253</subfield>
    <subfield code="r">2025-07-21 00:00:00</subfield>
    <subfield code="s">2022-04-08</subfield>
    <subfield code="v">716.00</subfield>
    <subfield code="w">2022-01-03</subfield>
    <subfield code="y">BK</subfield>
  </datafield>
  <datafield tag="952" ind1=" " ind2=" ">
    <subfield code="0">0</subfield>
    <subfield code="1">0</subfield>
    <subfield code="2">ddc</subfield>
    <subfield code="4">0</subfield>
    <subfield code="7">0</subfield>
    <subfield code="8">MBA</subfield>
    <subfield code="a">AIMIT</subfield>
    <subfield code="b">AIMIT</subfield>
    <subfield code="d">2021-12-13</subfield>
    <subfield code="g">895.00</subfield>
    <subfield code="i">Bill Date:- 4307-13/12/2021</subfield>
    <subfield code="l">2</subfield>
    <subfield code="o">658.4012 DESG</subfield>
    <subfield code="p">MBA14254</subfield>
    <subfield code="r">2025-07-21 00:00:00</subfield>
    <subfield code="s">2024-11-23</subfield>
    <subfield code="v">716.00</subfield>
    <subfield code="w">2022-01-03</subfield>
    <subfield code="y">BK</subfield>
  </datafield>
  <datafield tag="952" ind1=" " ind2=" ">
    <subfield code="0">0</subfield>
    <subfield code="1">0</subfield>
    <subfield code="2">ddc</subfield>
    <subfield code="4">0</subfield>
    <subfield code="7">0</subfield>
    <subfield code="8">MBA</subfield>
    <subfield code="a">AIMIT</subfield>
    <subfield code="b">AIMIT</subfield>
    <subfield code="d">2021-12-13</subfield>
    <subfield code="g">895.00</subfield>
    <subfield code="i">Bill Date:- 4307-13/12/2021</subfield>
    <subfield code="l">1</subfield>
    <subfield code="o">658.4012 DESG</subfield>
    <subfield code="p">MBA14255</subfield>
    <subfield code="r">2025-07-21 00:00:00</subfield>
    <subfield code="s">2022-04-09</subfield>
    <subfield code="v">716.00</subfield>
    <subfield code="w">2022-01-03</subfield>
    <subfield code="y">BK</subfield>
  </datafield>
  <datafield tag="952" ind1=" " ind2=" ">
    <subfield code="0">0</subfield>
    <subfield code="1">0</subfield>
    <subfield code="2">ddc</subfield>
    <subfield code="4">0</subfield>
    <subfield code="7">0</subfield>
    <subfield code="8">MBA</subfield>
    <subfield code="a">AIMIT</subfield>
    <subfield code="b">AIMIT</subfield>
    <subfield code="d">2021-12-13</subfield>
    <subfield code="g">895.00</subfield>
    <subfield code="i">Bill Date:- 4307-13/12/2021</subfield>
    <subfield code="l">1</subfield>
    <subfield code="o">658.4012 DESG</subfield>
    <subfield code="p">MBA14256</subfield>
    <subfield code="r">2025-07-21 00:00:00</subfield>
    <subfield code="s">2022-03-31</subfield>
    <subfield code="v">716.00</subfield>
    <subfield code="w">2022-01-03</subfield>
    <subfield code="y">BK</subfield>
  </datafield>
  <datafield tag="952" ind1=" " ind2=" ">
    <subfield code="0">0</subfield>
    <subfield code="1">0</subfield>
    <subfield code="2">ddc</subfield>
    <subfield code="4">0</subfield>
    <subfield code="7">0</subfield>
    <subfield code="8">MBA</subfield>
    <subfield code="a">AIMIT</subfield>
    <subfield code="b">AIMIT</subfield>
    <subfield code="d">2021-12-13</subfield>
    <subfield code="g">895.00</subfield>
    <subfield code="i">Bill Date:- 4307-13/12/2021</subfield>
    <subfield code="l">1</subfield>
    <subfield code="o">658.4012 DESG</subfield>
    <subfield code="p">MBA14257</subfield>
    <subfield code="r">2025-07-21 00:00:00</subfield>
    <subfield code="s">2022-04-08</subfield>
    <subfield code="v">716.00</subfield>
    <subfield code="w">2022-01-03</subfield>
    <subfield code="y">BK</subfield>
  </datafield>
  <datafield tag="952" ind1=" " ind2=" ">
    <subfield code="0">0</subfield>
    <subfield code="1">0</subfield>
    <subfield code="2">ddc</subfield>
    <subfield code="4">0</subfield>
    <subfield code="7">0</subfield>
    <subfield code="8">MBA</subfield>
    <subfield code="a">AIMIT</subfield>
    <subfield code="b">AIMIT</subfield>
    <subfield code="d">2021-12-13</subfield>
    <subfield code="g">895.00</subfield>
    <subfield code="i">Bill Date:- 4307-13/12/2021</subfield>
    <subfield code="l">1</subfield>
    <subfield code="o">658.4012 DESG</subfield>
    <subfield code="p">MBA14258</subfield>
    <subfield code="r">2025-07-21 00:00:00</subfield>
    <subfield code="s">2022-04-09</subfield>
    <subfield code="v">716.00</subfield>
    <subfield code="w">2022-01-03</subfield>
    <subfield code="y">BK</subfield>
  </datafield>
  <datafield tag="952" ind1=" " ind2=" ">
    <subfield code="0">0</subfield>
    <subfield code="1">0</subfield>
    <subfield code="2">ddc</subfield>
    <subfield code="4">0</subfield>
    <subfield code="7">0</subfield>
    <subfield code="8">MBA</subfield>
    <subfield code="a">AIMIT</subfield>
    <subfield code="b">AIMIT</subfield>
    <subfield code="d">2021-12-13</subfield>
    <subfield code="g">895.00</subfield>
    <subfield code="i">Bill Date:- 4307-13/12/2021</subfield>
    <subfield code="l">1</subfield>
    <subfield code="o">658.4012 DESG</subfield>
    <subfield code="p">MBA14259</subfield>
    <subfield code="r">2025-07-21 00:00:00</subfield>
    <subfield code="s">2022-04-12</subfield>
    <subfield code="v">716.00</subfield>
    <subfield code="w">2022-01-03</subfield>
    <subfield code="y">BK</subfield>
  </datafield>
</record>
